LEADER 01206nam a2200277 4500 001 000000365156 003 CaOOAMICUS 005 20251112113630.0 008 251112s2023 it 000 u ita r 020 $a978-88-15-38655-7 040 $aSeMil$bita 100 1 $aIgnazi, Piero,$d<1951- >.$0(OLS)http://semarc/name/51947 245 13$aIl polo escluso :$bla fiamma che non si spegne: da Almirante a Meloni /$cPiero Ignazi. 250 $a3. ed. 264 1$aBologna :$bIl Mulino,$c2023. 300 $a453 p. ;$c22 cm 490 1 $aStorica paperbacks ;$v223 650 4$aMovimento Sociale Italiano <1946-1995>.$0(OLS)http://semarc/subject/13064 650 4$aAlleanza Nazionale <1995-2009>.$0(OLS)http://semarc/subject/58941 830 0$aStorica paperbacks ;$v223.$0(OLS)http://semarc/title/23859 850 $aSeMil 852 $aSeMil$W1$xVenegono$y1$m3N II 832$j264463$B256000$CSeMilBibl$Z2$F256000 $81 996 $6020$a978-88-15-38655-7$9(OLS)http://semarc/number/304608 996 $6245$aIl polo escluso :$bla fiamma che non si spegne: da Almirante a Meloni$9(OLS)http://semarc/title/456700 996 $6264$aBologna :$bIl Mulino$9(OLS)http://semarc/publisher/29842 LEADER 01356nam a2200277 i 4500 001 000000128672 003 CaOOAMICUS 005 20040809000000.0 008 040809s2004 gw u000 u eng u 013 $a101399 020 $a3-11-018151-7 040 $aSeMil$bita 100 1 $aYueh-Han Yieh, John.$0(OLS)http://semarc/name/53487 245 10$aOne teacher :$bJesus' teaching role in Matthew's Gospel report /$cJohn Yueh-Han Yieh. 260 $aBerlin ; New York :$bDe Gruyter,$c2004. 300 $axiii, 395 p. ;$c24 cm. 490 0 $aBeihefte zur Zeitschrift für die neutestamentliche Wissenschaft und die Kunde der älteren Kirche ;$v124 500 $aContiene : Bibliography. 650 4$aBibbia - NT - Matteo - Gesù Cristo - Insegnamento.$0(OLS)http://semarc/subject/25422 830 0$aBeihefte zur Zeitschrift für die neutestamentliche Wissenschaft und die Kunde der älteren Kirche ;$v124.$0(OLS)http://semarc/title/296 850 $aSeMil 852 $aSeMil$W1$xVenegono$y1$m2XA R 124$j253211$B82884$CSeMilBibl$Z2$F85771 $81 961 $aSottoscrizione: De Gruyter 996 $6020$a3-11-018151-7$9(OLS)http://semarc/number/115317 996 $6245$aOne teacher :$bJesus' teaching role in Matthew's Gospel report$9(OLS)http://semarc/title/190183 996 $6260$aBerlin ; New York :$bDe Gruyter$9(OLS)http://semarc/publisher/29892